Leaders of the Cold War #2 - Statistics

General Stats
  • This quiz has been taken 33 times
  • The average score is 10 of 16
Answer Stats
Picture Answer % Correct
Fidel Castro
97%
Ronald Reagan
97%
Saddam Hussein
91%
Jimmy Carter
88%
Nikita Khrushchev
88%
Idi Amin
84%
Ayatollah Khomeini
78%
Gamal Abdel Nasser
59%
Chiang Kai-Shek
56%
Haile Selassie
56%
Mobutu Sese Seko
53%
Yuri Andropov
53%
Nicolae Ceaucescu
50%
Juan Peron
41%
Isabel Peron
22%
Mohammed Siad Barre
19%
No matching quizzes found
Score Distribution
Percent of People with Each Score
Percentile by Number Answered
Your Score History
You have not taken this quiz